[Event "Corus"]
[Site "Wijk aan Zee"]
[Date "2000.01.19"]
[Round "4"]
[White "Lputian, Smbat G"]
[Black "Leko, Peter"]
[Result "0-1"]
[WhiteElo "2605"]
[BlackElo "2725"]
[Annotator "Ribli,Z"]
[PlyCount "74"]
[EventDate "2000.01.15"]
[EventType "tourn"]
[EventRounds "13"]
[EventCountry "NED"]
[EventCategory "18"]
[SourceTitle "CBM 075"]
[Source "ChessBase"]
[SourceDate "2000.04.05"]
[SourceVersion "1"]
[SourceVersionDate "2000.04.05"]
[SourceQuality "1"]

1. Nf3 {Ftacnik} Nf6 2. c4 c5 3. g3 d5 4. cxd5 Nxd5 5. Bg2 Nc6 6. Nc3 (6. d4
cxd4 7. Nxd4 Ndb4 8. Nxc6 Qxd1+ 9. Kxd1 Nxc6 10. Bxc6+ bxc6 11. Be3 $11 {
Weiß hat die bessere Bauernstruktur, aber das schwarze Läuferpaar bietet
ausreichende Kompensation für die Schwäche c6.}) 6... Nc7 {Schwarz möchte
anschließend mit e7-e5 ein starkes Bauernzentrum aufbauen.} 7. d3 e5 8. Nd2 Bd7
9. O-O Be7 10. Nc4 f6 {Die Alternative 10...0-0 wäre eigentlich ein
Bauernopfer, und nach 11.Bxc6 Bxc6 12.Nxe5 Be8 hätte Schwarz etwas, aber
meiner Meinung nach nicht ausreichende Kompensation für den Bauern.} 11. f4 b5
12. Ne3 Rc8 {Das ist die Grundstellung der sogenannten Rubinstein-Variante der
Englischen Eröffnung.} 13. a4 {Ftacnik: 'Both sides are playing with somewhat
unusual piece set up. Black pieces are a bit passive, but white's active plan
f2-f4 was parried. Long term prospects are good, since white will be left with
three pawn islands. '} (13. Nf5 O-O (13... Bxf5 {Ftacnik} 14. Bxc6+ Bd7 15.
Bxd7+ Qxd7 16. fxe5 Qd4+ 17. Kg2 Qxe5 18. Bf4 Qe6 19. Bxc7 Rxc7 $11) 14. Nxe7+
Qxe7 15. f5 Rfd8 16. Be3 Nd4 17. g4 Be8 18. Rc1 Bf7 19. Qd2 c4 20. g5 Ne8 {
1/2-1/2 Hickl,J-Almasi,Z/Melk 1999 (53)}) (13. fxe5 Nxe5 14. Nf5 O-O $13 15.
Kh1 Re8 16. Ne4 Bc6 17. Bf4 Bf8 18. a4 a6 $5 19. axb5 axb5 20. Rc1 Qd7 {
1/2-1/2 Illescas Cordoba,M-Topalov,V/Linares 1994 (40)}) (13. Ned5 Nxd5 14.
Nxd5 O-O 15. a4 b4 16. Ne3 exf4 17. gxf4 f5 18. Nc4 Be6 $13 {Bilek-Pinter,Ung.
Mannschaftmeisterschaft 1997.}) 13... b4 {Die weißen Felder in der schwarzen
Stellung sind schwach, aber dafür hat Schwarz starke Kontrolle über das
wichtige Zentrumsfeld d4.} (13... a6 $2 14. axb5 axb5 15. Ned5 {+/- Kochiyev,
A-Forintos,G/Magyarorszag 1978}) 14. Nb5 (14. Ncd5 O-O 15. Nc4 $5 (15. Nxe7+
Qxe7 16. Nc4 Rfd8 17. b3 exf4 18. gxf4 Be8 19. e3 Nd5 20. Qc2 Bg6 {0-1
Seirawan,Y-Portisch,L/Mar del Plata 1981 (46)}) 15... exf4 (15... Be8 16. Nde3
$2 (16. Nxc7 Qxc7 17. f5 $14 {Sherzer}) 16... exf4 17. gxf4 f5 18. Rb1 Nd4 19.
b3 Bh5 20. Rb2 g5 $17 {0-1 Benko,P-Sherzer,A/Philadelphia World op 1988 (33)})
16. Nxc7 Qxc7 (16... f3 17. Bxf3 Qxc7 18. Bf4 Qd8 19. Nd6 Bxd6 20. Bxd6 Ne7 21.
d4 Bh3 22. dxc5 Bxf1 23. Qb3+ Kh8 24. Rxf1 a5 25. Qe6 Re8 26. Bh5 Ng6 27. Qh3
Kg8 28. Bg4 Rc7 29. Be6+ Kh8 30. Bf5 Kg8 31. Be6+ Kh8 32. Bf5 Kg8 33. Be6+ {
1/2-1/2 Fridman,D-Van der Sterren,P/Wichern op 1997}) 17. Bxf4 Ne5 $2 (17...
Qd8 18. Nd6 (18. Bd6 Be8 $11) 18... Bxd6 19. Bxd6 Re8 20. Bxc5 Bg4 $44 {Sherzer
}) 18. Bxe5 $1 fxe5 19. Bd5+ Kh8 20. Rxf8+ Rxf8 21. Qd2 Bh3 22. Qe3 {1-0
Granda Zuniga,J-Estremera Panos,S/Leon 1997/CBM 60/[Ribli] (33)}) (14. Ne4 f5
15. Nd2 O-O 16. Nec4 exf4 17. gxf4 Kh8 18. Nb3 Rf6 19. Be3 Ne6 20. Kh1 Ned4 21.
Ne5 Nxb3 22. Nxd7 Nxa1 23. Nxf6 Bxf6 24. Qxa1 Nd4 25. Bxd4 Qxd4 26. Qa2 c4 27.
dxc4 Qxb2 28. Qxb2 Bxb2 {1/2-1/2 Kortschnoj-Portisch,L/WchT Luzern/1985 (49)})
14... exf4 (14... a6 15. Nxc7+ Qxc7 16. Nd5 Qd8 17. a5 $16 {[%csl Yb6]}) 15.
gxf4 {Weiß setzt auf die alte Theorie. Die Alternative - 15.Nc4 - wurde ein
paar Monate zuvor in der Partie Lautier,J - Leko,P (Batumi 1999) gespielt .} (
15. Nc4 $5 Nxb5 (15... fxg3 16. Nbd6+ Kf8 $13) 16. axb5 Nd4 17. Rxa7 Bg4 $6 (
17... Nxb5 $1 18. Rb7 fxg3 19. Bf4 $1 gxh2+ 20. Bxh2 $44 Nd4 21. Nb6 Bg4 22.
Nxc8 Bxc8 23. Rb8 O-O 24. e3 Bd6 25. Rxc8 Bxh2+ 26. Kxh2 Qd6+ 27. Kh1 Rxc8 28.
exd4 Qxd4 29. Qe2 $13) 18. Rf2 $1 O-O 19. b6 $1 {1/2-1/2 Lautier,J-Leko,P/
Batumi 1999/CBM 74/[Lautier] (26)}) 15... Nxb5 $5 $146 {Mit der
Partiefortsetzung öffnet Schwarz die a-Linie für Weiß, aber nach den konkreten
Abspielen steht er nicht schlechter.} (15... a6 16. Nxc7+ Qxc7 17. Nc4 O-O 18.
Bd5+ Kh8 19. e4 Bd6 20. Be3 Na5 21. Qh5 Be8 22. Qh4 Bf7 23. Bxf7 Rxf7 24. Nxa5
Qxa5 25. b3 Qd8 $11 {Bellon Lopez,J-Izeta Txabarri,F/ESP-ch 1989/1-0 (92)}) 16.
axb5 Nd4 17. Rxa7 Nxb5 $13 {Schwächen finden sich auf beiden Seiten: Schwarz
kontrolliert stark den Punkt d4, dafür sind bei ihm die Felder c4 und d5
schwach.} 18. Ra6 {Ftacnik: 'Despite all the activity it is not easy for white
to spot the targets for attack in black's camp.'} (18. Ra1) (18. Rb7 {Ftacnik}
Rc7 19. Rxc7 Qxc7 20. Nd5 Qd6 21. Nxe7 Kxe7 $13) 18... O-O 19. f5 (19. Nc4 Bg4
$13) (19. Nd5 {Ftacnik} Bg4 $15) 19... Nd4 20. Rf4 (20. Bb7 {Ftacnik} Rb8 21.
Bd5+ Kh8 22. Bd2 Qc7 $15) 20... Kh8 {Ein prinzipiell nützlicher
profilaktischer Zug. Schwarz geht möglichen Unannehmlichkeiten auf der
Diagonlae a2-g8 aus dem Weg.} 21. Qf1 Bb5 $15 {[%mdl 2048] Das ist der
Nachteil des Zugs 18.Ra6 - Schwarz bekommt ein Tempo.} 22. Ra7 $6 (22. Ra1 Qd7
$15 (22... Nb3 $6 23. Bd5 Nxa1 24. Rh4 {Jetzt droht 25.Rxh7+, 26.Qh3 Matt.} h6
25. Qh3 Kh7 26. Ng4 Qxd5 27. Rxh6+ gxh6 28. Qxh6+ Kg8 29. Qg6+ $11) (22... Bd6
{Ftacnik} 23. Rg4 Qd7 $15)) 22... c4 $1 {[%cal Ge7c5,Gc5g1,Gc5a7] '!?' Ftacnik.
Ftacnik: 'Black playes his first active move with the aim to breath life into
his pieces. The diagonal a7-g1 can easily become very important.' Schwarz
öffnet die Diagonale a7-g1 und befreit sich von der Schwächung des Feldes c4.}
23. dxc4 (23. Rxd4 {Ftacnik} Qxd4 24. Rxe7 cxd3 25. Bd2 (25. exd3 Qc5 $19)
25... dxe2 26. Qe1 Rfe8 $19) 23... Bxc4 (23... Bc5 24. Rxg7 (24. Rb7 Ba6 {
[%csl Rb7]}) 24... Kxg7 25. cxb5 Nxb5 $15 {Schwarz hat ene Qualität mehr, aber
Weiß bekommt dafür einen Bauern und etwas Gegenspiel auf den weißen Feldern.} (
25... Bb6 $15 {Ftacnik})) 24. Nxc4 $2 {'?!' Ftacnik.} (24. Rxd4 $5 Qxd4 25.
Rxe7 Bxe2 26. Qxe2 (26. Qe1 Qc5 27. Qxe2 Qxe7 $19) 26... Rxc1+ 27. Bf1 Rg8 $15
(27... Rb1 {Ftacnik} 28. Qc4 Qd6 29. Re6 Qd2 30. b3 $13) (27... Rfc8 28. Qh5) (
27... b3 28. Rb7 Rc2 29. Qd3 Qxd3 30. Bxd3 Rxb2 31. Nc4 Ra2 32. Rxb3 $11))
24... Rxc4 25. Be3 (25. Kh1 {Ftacnik} Rxc1 26. Qxc1 Nxe2 27. Qe3 Nxf4 28. Qxf4
Bc5 $17) {[#]} 25... Nc2 $1 $17 {[%mdl 64] '!' Ftacnik. Ftacnik: 'Fine
tactical shot based on the clearing of the diagonal leading to the white rook
on a7.'} 26. Ra8 (26. Rxc4 Nxe3 $19 {[%cal Re3f1,Re3c4]} (26... Nxe3 {Ftacnik}
27. Qc1 Nxc4 28. Qxc4 Qb6+ $19)) 26... Rxf4 $5 (26... Qxa8 $5 27. Bxa8 (27.
Rxc4 Nxe3 28. Bxa8 Nxf1 $19) 27... Nxe3 28. Qf3 Rc1+ 29. Kf2 Bc5 $17 (29... Bc5
{Ftacnik} 30. Kg3 Rg1+ 31. Kh3 Rf1 32. Qc6 Rxf4 33. Qxc5 Rxa8 34. Qxe3 Rxf5 $19
)) 27. Bxf4 Qd4+ 28. Kh1 (28. e3 {Ftacnik} Nxe3 29. Rxf8+ Bxf8 30. Bxe3 Qxe3+
31. Kh1 Bc5 $17) 28... Rxa8 29. Bxa8 Qxb2 {Nach Vereinfachungen hat Schwarz
einen Bauern mehr und gute Gewinnchancen. Der b-Bauer ist kaum zu halten.} 30.
Qd1 (30. e4 {Ftacnik} b3 31. Bd5 Qc3 $19) 30... b3 31. Be4 Qd4 {'!' Ftacnik.
Ftacnik: 'Small tactics often helps to realize endgame advantage, white
bishops are hopelssly exposed.'} 32. Qxd4 (32. Bxc2 Qxf4 33. Bxb3 Qe4+ (33...
Bd6 $19) 34. Kg1 Bc5+ $19) 32... Nxd4 33. Bc1 Nxe2 $19 34. Bb2 Bc5 35. Bd3 Nd4
36. h3 Nf3 37. Bc4 Bd4 0-1

[Event "KasparovChess GP g/60"]
[Site "Internet"]
[Date "2000.02.20"]
[Round "4.2"]
[White "Piket, Jeroen"]
[Black "Kasparov, Garry"]
[Result "1-0"]
[WhiteElo "2633"]
[BlackElo "2851"]
[Annotator "Ribli,Z"]
[PlyCount "99"]
[EventDate "2000.02.09"]
[EventType "k.o."]
[EventRounds "4"]
[EventCountry "NET"]
[SourceTitle "CBM 076"]
[Source "ChessBase"]
[SourceDate "2000.05.31"]
[SourceVersion "1"]
[SourceVersionDate "2000.05.31"]
[SourceQuality "1"]

{[%mdl 2]} 1. Nf3 Nf6 2. c4 c5 3. Nc3 d5 {Eine relativ selten gespielte
Fortsetzung. Nach 3...Nc6 4.g3 d5 muss Schwarz mit 5.d4!? rechnen.} 4. cxd5
Nxd5 5. g3 Nc6 6. Bg2 Nc7 {Schwarz möchte anschließend mit e7-e5 ein starkes
Bauernzentrum aufbauen. Sofort 6...e5?? wäre ein bekannter Fehler, wegen 7.
Nxe5.} 7. d3 e5 8. O-O Be7 9. Nd2 {Der Springer strebt zum Stützpunkt auf c4.}
Bd7 {Schwarz muss den Nc6 decken, sonst sieht seine Bauernstruktur nach Bxc6
katastrofal aus.} 10. Nc4 O-O {[%mdl 512] Das ist die Opfervariante - Schwarz
verteidigt den Pe5 nicht mit 10...f6, sondern opfert seinen Zentrumsbauern.
Das ist typisch für Kasparov, aber meiner Meinung nach hat Schwarz keine
vollwertge Kompensation für den Bauern.} (10... f6) 11. Bxc6 Bxc6 12. Nxe5 Be8
{Schwarz muss seinen weißfeldrigen Läufer auf dem Brett halten - er hat etwas
Kompensation, weil die weiße Königsstellung geschwächt ist, und Schwarz das
Läuferpaar besitzt.} 13. Qb3 Bf6 $5 (13... b6 14. Qc4 $1 (14. Be3 Bf6 15. Nf3
Bc6 16. Ne4 Re8 17. Rfd1 Nd5 18. Nxf6+ Qxf6 19. d4 Nxe3 20. fxe3 Bxf3 21. Rf1
$1 cxd4 {1/2-1/2 Krnic,Z-Lobron,E/Tilburg 1994/CBM 44/[Ribli] (32)}) 14... Rc8
$1 (14... Bd6 $6 15. Qe4 $1 Ne6 16. Nc4 Bc7 17. Be3 Rc8 18. f4 $1 $16 {Sarno,
S-Negrini/Porto S. Giorgio 1993/Inf 59 (18)}) 15. Be3 Ne6 16. Qd5 Qc7 17. f4
Rd8 18. Qg2 Bd6 19. Nf3 f5 $1 20. Rad1 $1 Bc6 21. Bc1 Qb7 (21... Qb7 {Sarno,
S-Malloni,M/Porto S. Giorgio 1993/Inf 59 (21)}) 22. b3 $1 Rfe8 23. e4 fxe4 24.
dxe4 Bxe4 25. Nxe4 Qxe4 26. Rfe1 Qf5 27. Bb2 $14 {Sarno}) 14. Ng4 Bd4 $1 $146 {
Schwarz aktiviert den schwarzfeldrigen Läufer und provoziert den Zug e2-e3.} (
14... Bc6 15. Nxf6+ Qxf6 16. Qc4 (16. e4 Rad8 17. Be3 Rxd3 18. Bxc5 Qf3 19.
Rae1 Ne6 20. Re3 Rxe3 21. Bxe3 a6 22. Qc4 h5 23. Re1 h4 24. Qf1 f5 $40 {
1/2-1/2 Jurek,J-Vodicka,V/Klatovy 1995/EXT 97 (37)}) 16... Ne6 17. Be3 Rfe8 18.
Rac1 Nd4 19. Bxd4 cxd4 20. Ne4 Bxe4 21. dxe4 Rxe4 22. Qc8+ Qd8 23. Qxd8+ Rxd8
24. Rfe1 Kf8 25. Kf1 Rd7 26. Red1 Re6 27. Rc4 Red6 28. Ke1 Ke7 29. Kd2 $14 {
1/2-1/2 Ribli,Z-Chandler,M/Lugano 1985/EXT 2000 (69)}) 15. e3 {Weiß hat Angst
vor der schwarzen Aktivität und sieht vom Schlagen des Pb7 ab.} (15. Qxb7 $5
Rb8 16. Qg2 f5 17. Ne3 f4 18. Nc4 f3 19. exf3 Bxc3 20. bxc3 Qxd3 21. Bf4 Qxc4
22. Bxc7 $14) 15... Bxc3 16. Qxc3 b6 17. f3 (17. b3 $5) 17... Bb5 18. Nf2 Qd7 (
18... Bc6 19. e4 Nb5 20. Qb3 Nd4 21. Qd1 f5 22. Be3 fxe4 23. fxe4 Nf3+ 24. Kg2
Ne5 $44) 19. e4 Ne6 $44 20. Be3 a5 {Schwarz hat Aktivität - er kontrolliert
das Feld d4, und sein Bb5 steht stark. Andererseits hat Weiß einen Mehrbauern
und keine wirklich gravierende Schwäche.} 21. Rad1 Rad8 22. Rd2 Qc6 $6 (22...
Qb7 23. Rc1 Nd4 24. Kg2 (24. Bxd4 Rxd4 25. a3 Rfd8 $44) 24... Rd7 25. a3 a4 26.
Bxd4 Rxd4 27. b4 $14) 23. Rc1 Qb7 24. a3 Nd4 25. Kg2 $1 Rc8 $6 (25... h6 $5 26.
b4 $6 cxb4 27. axb4 Rc8 28. Qxd4 Rxc1 29. Rb2 Ra1 30. bxa5 Rxa5 31. Qxb6 Qa6
$11) 26. Rb1 $1 Rfd8 (26... Ne6 27. b4 cxb4 28. Qa1 $16) (26... Nc6 27. d4 cxd4
28. Bxd4 Nxd4 29. Qxd4 $16) 27. Bxd4 Rxd4 (27... cxd4 28. Qb3 Qd7 29. Qd1 $14)
28. b4 $1 $14 {Nach diesem Zug übernimmt Weiß die Führung.} axb4 29. axb4 Qd7
30. bxc5 bxc5 31. Rbb2 h6 32. Ra2 Kh7 33. Ra5 {Es droht 34.Rb2 nebst Eroberung
des Pc5.} Rd8 (33... c4 $2 34. Rxb5 $18) 34. Qxc5 Bxd3 35. Rxd3 (35. Ra7 $1 Qe6
36. Rb2 Rc4 37. Qe7 $16) 35... Rxd3 36. Nxd3 Qxd3 37. Ra2 Qb3 38. Qc2 (38. Qf2)
38... Qxc2+ 39. Rxc2 {[%mdl 4096] Normalerweise muss Schwarz hier das Remis
halten, aber Kasparov hat weniger Zeit und wegen seiner früheren Fehler ist er
unzufrieden mit seiner Stellung und spielt das ganze Endspiel schlecht.} h5 40.
f4 g6 $6 (40... f6 $142) 41. e5 Rd3 $6 (41... Rd7) 42. Kh3 $1 Re3 (42... Rd7
43. Kh4 Kh6 44. Rc8 $16) (42... g5 43. fxg5 Kg6 44. Rf2 $16) 43. Kh4 {Alles in
der weißen Stellung ist verteidigt, und der König kann ungehindert eindringen.}
Kg7 44. Kg5 $16 Re1 $6 45. Rc7 Re2 46. Re7 Ra2 (46... Re4 47. e6 $1 (47. h3 $2
Re3 48. g4 hxg4 49. hxg4 Re1 50. f5 Rxe5 51. Rxe5 f6+ 52. Kf4 fxe5+ 53. Kxe5
gxf5 $11) 47... Rxe6 48. Rxe6 fxe6 49. h3 Kf7 50. Kh6 Kf6 (50... h4 51. gxh4 $2
Kf6 52. Kh7 Kf7 53. Kh6 Kf6 54. h5 gxh5 55. Kxh5 Kf5 $14) 51. g4 h4 (51... hxg4
52. hxg4 Kf7 53. g5 $22 $18) 52. g5+ Kf5 53. Kg7 Kxf4 54. Kxg6 e5 (54... Kg3
55. Kf6 Kxh3 56. g6 $18) 55. Kh5 e4 56. g6 e3 57. g7 e2 58. g8=Q e1=Q 59. Qg5+
Kf3 (59... Ke4 60. Qe7+ $18) 60. Qg4+ $18 {Schwarz kann den Damentausch nicht
vermeiden und verliert den Ph4. Danach ist seine Stellung hoffnungslos.}) (
46... h4 47. e6 hxg3 48. Rxf7+ Kg8 49. hxg3 Rxe6 50. Rf6 $18) 47. f5 $1 gxf5 (
47... Kf8 48. Kf6 Ra6+ 49. e6 $18) 48. e6 $18 h4 (48... Rxh2 49. Rxf7+ Kg8 50.
Kf6 {Das ist ein gutes Beispiel dafür, dass die Qualität der Bauern wichtiger
ist als die Quantität.} Ra2 51. Rg7+ Kh8 52. e7 Ra6+ 53. Kf7 Ra7 (53... Ra8 54.
Rg5 $18) 54. Rg5 $18) 49. Rxf7+ Kg8 50. Kf6 {Und Schwarz gab in verlorener
Stellung auf.} 1-0

[Event "Seville op"]
[Site "Seville"]
[Date "1992.??.??"]
[Round "7"]
[White "Gulko, Boris F"]
[Black "Yudasin, Leonid"]
[Result "1/2-1/2"]
[WhiteElo "2560"]
[BlackElo "2580"]
[Annotator "Ribli,Z"]
[PlyCount "63"]
[EventDate "1992.??.??"]
[EventType "swiss"]
[EventRounds "9"]
[EventCountry "ESP"]
[SourceTitle "CBM 029"]
[Source "ChessBase"]
[SourceDate "1992.08.01"]
[SourceVersion "1"]
[SourceVersionDate "1992.08.01"]
[SourceQuality "1"]

1. c4 c5 2. Nf3 Nf6 3. Nc3 Nc6 4. g3 d5 5. cxd5 Nxd5 6. Bg2 Nc7 7. d3 e5 8. Nd2
Bd7 9. O-O Be7 10. a4 O-O 11. Nc4 f6 (11... b6 $5) 12. f4 exf4 13. Bxf4 (13.
gxf4 $5 Be6 14. f5 Bf7 15. Rf4 Qd7 16. Qf1 Nd5 17. Rg4 Kh8 18. Rh4 Nxc3 19.
bxc3 Ne5 20. Ne3 Rfe8 21. c4 $16 {Gheorghiu,F-Bouaziz,S Riga izt 1979 28/103})
13... Ne6 (13... Be6 14. Ne3 Rc8 15. Kh1 Qd7 16. g4 Rfd8 17. Qe1 b6 $6 (17...
Ne8 $1 $10) 18. Qg3 $14 {Krasenkov-Tukmakov,V Oostende 1990 50/(49)}) 14. Bd2
Kh8 15. Nd5 Rb8 16. Bc3 (16. a5 $5) 16... Ng5 $1 17. h4 Nf7 18. e3 Nh6 19. Rf4
Be6 20. Qf3 Qd7 21. Rf1 Rbd8 22. Nxe7 Qxe7 23. Qe2 Qd7 24. Be4 Bd5 25. g4 Kg8
26. g5 Bxe4 $1 27. dxe4 fxg5 28. hxg5 Nf7 29. Rf5 Qe7 30. Qg2 Qe6 31. Rxc5 Ne7
32. Rc7 $13 1/2-1/2

[Event "Ljubljana Iskra"]
[Site "Ljubljana"]
[Date "1992.??.??"]
[Round "?"]
[White "Farago, Ivan"]
[Black "Jelen, Igor"]
[Result "1/2-1/2"]
[WhiteElo "2520"]
[BlackElo "2340"]
[Annotator "Ribli,Z"]
[PlyCount "106"]
[EventDate "1992.??.??"]
[EventType "tourn"]
[EventRounds "11"]
[EventCountry "SLO"]
[EventCategory "8"]
[SourceTitle "CBM 031"]
[Source "ChessBase"]
[SourceDate "1992.12.01"]
[SourceVersion "1"]
[SourceVersionDate "1992.12.01"]
[SourceQuality "1"]

1. c4 e6 2. e4 c5 3. Nc3 Nc6 4. Nf3 Nf6 5. Be2 {-> A 34} d5 (5... b6 $5 6. O-O
Bb7 7. d4 cxd4 8. Nxd4 Nxd4 9. Qxd4 Bc5 10. Qd3 Qc7 11. Be3 O-O 12. Rfd1 Rfd8
13. Rac1 Rac8 $10 {Cifuentes Parada,R-Piket,J NLD-ch 1992 CBM/30}) 6. exd5 exd5
7. d4 cxd4 8. Nxd4 dxc4 (8... Be7 9. Bf3 Nxd4 10. Qxd4 dxc4 11. Qxc4 O-O 12.
O-O a6 13. Rd1 Qa5 14. Qb3 $14 {Morovic Fernandez,I-Panno,O Santiago 1989 CBM/
12}) (8... Bc5 9. Nxc6 bxc6 10. cxd5 cxd5 11. O-O O-O 12. Bg5 Be6 13. Bf3 Rb8
14. b3 $14 {Cvetkovic,Sr-Gligoric,S Yugoslavia-ch 1991 51/48}) 9. Nxc6 Qxd1+
10. Bxd1 (10. Nxd1 $5 bxc6 11. Bxc4 Bb4+ 12. Bd2 Bxd2+ 13. Kxd2 O-O 14. Ne3 Re8
15. Rhe1 Be6 16. Kc2 $14 {Gavrikov-Svesnikov Erevan zt 1982 33/202}) 10... bxc6
11. Bf3 Bd7 12. O-O Bb4 13. Re1+ Kf8 14. Be3 h6 15. Rec1 Ng4 16. Bd4 Bd6 17.
Bxg4 Bxg4 18. Ne4 Be7 19. Rxc4 Be6 20. Ra4 a6 21. Bc5 $14 Bd5 22. Rc1 h5 23.
Kf1 f6 24. b3 h4 25. h3 Rh5 26. Bxe7+ Kxe7 27. Nc5 a5 28. b4 Rg5 29. Re1+ (29.
f3 Rb8 30. bxa5 Rb2 $13) 29... Kf7 30. f3 Rb8 31. bxa5 Bxf3 $1 32. gxf3 Rxc5
33. a6 Rcb5 34. Rd1 Ke6 35. Rd3 Ra8 36. a7 g5 37. Kf2 Rb7 38. Rda3 Kd6 39. f4
Kc7 40. Kf3 Rb5 41. Re3 Kb6 42. fxg5 Rf5+ 43. Kg4 Rxg5+ 44. Kf4 Ra5 45. Rxa5
Kxa5 46. Kg4 c5 47. Kxh4 c4 48. Re7 Kb4 49. Kg4 Kc3 50. h4 Kb2 51. Rb7+ Kc2 52.
h5 c3 53. h6 Kd3 1/2-1/2